[Event "7th UI&UL GM"]
[Site "Dhaka BAN"]
[Date "2005.04.08"]
[Round "4"]
[White "Roy Chowdhury,S"]
[Black "Singh,Ri"]
[Result "1-0"]
[WhiteElo "2397"]
[BlackElo "2271"]
[EventDate "2005.04.05"]

1. d4 Nf6 2. Nf3 e6 3. e3 b6 4. Bd3 Bb7 5. c4 Bb4+ 6. Bd2 Bxd2+ 7. Nbxd2 d5
8. cxd5 exd5 9. Rc1 O-O 10. Qc2 c6 11. Ne5 Qc7 12. Ndf3 h6 13. O-O Nfd7 14.
Bh7+ Kh8 15. Bf5 Nxe5 16. Nxe5 c5 17. Rfe1 Na6 18. Qa4 Rad8 19. Bb1 Rd6 20.
f4 Bc8 21. Rf1 f5 22. Rf3 g5 23. fxg5 hxg5 24. Rcf1 Rdf6 25. Bxf5 1-0

[Event "7th UI&UL GM"]
[Site "Dhaka BAN"]
[Date "2005.04.08"]
[Round "4"]
[White "Chatterjee,D"]
[Black "Saptarshi,R"]
[Result "1-0"]
[WhiteElo "2246"]
[BlackElo "2391"]
[EventDate "2005.04.05"]

1. d4 d5 2. c4 e5 3. dxe5 d4 4. Nf3 Nc6 5. g3 Nge7 6. Bg2 Ng6 7. O-O Be7 8.
b3 Ngxe5 9. Nxe5 Nxe5 10. Bb2 Bf6 11. Nd2 Nc6 12. Ne4 Be7 13. e3 d3 14.
Bxg7 Rg8 15. Bc3 Be6 16. Qh5 Qd7 17. Nc5 Bxc5 18. Qxc5 O-O-O 19. Rad1 Bh3
20. Rd2 Rg6 21. Qh5 Bxg2 22. Kxg2 Qe6 23. Rfd1 Rh6 24. Qf3 Qh3+ 25. Kg1
Qxh2+ 26. Kf1 Rhd6 27. e4 Qh3+ 28. Kg1 Qd7 29. Bf6 Nd4 30. Bxd4 Rxd4 31.
Kg2 c5 32. Rh1 Qc6 33. Rxh7 Rxe4 34. Rxf7 Qh6 35. Qxe4 1-0

[Event "7th UI&UL GM"]
[Site "Dhaka BAN"]
[Date "2005.04.08"]
[Round "4"]
[White "Abu Sufian,S"]
[Black "Lahiri,A"]
[Result "1/2-1/2"]
[WhiteElo "2233"]
[BlackElo "2355"]
[EventDate "2005.04.05"]

1. e4 e6 2. d4 d5 3. Nc3 Bb4 4. e5 c5 5. a3 Bxc3+ 6. bxc3 Ne7 7. Qg4 Qc7 8.
Qxg7 Rg8 9. Qxh7 cxd4 10. Ne2 Nbc6 11. f4 Bd7 12. Qd3 dxc3 13. Qxc3 O-O-O
14. Ng3 Nf5 15. Nxf5 exf5 16. g3 Be6 17. Bg2 Qb6 18. Bd2 Kb8 19. Qd3 Rd7
20. Be3 d4 21. Bd2 Qc5 22. Rb1 Bc4 23. Qxf5 Rgd8 24. h4 d3 25. c3 Ba2 26.
Rb4 Be6 27. Qf6 Bd5 28. Re4 Bxe4 29. Bxe4 Na5 30. e6 fxe6 31. Qe5+ Qxe5 32.
fxe5 Nc4 33. g4 Rf7 34. g5 Nxd2 35. Kxd2 Rf2+ 36. Kd1 Ra2 37. Rh3 Ra1+ 38.
Kd2 Ra2+ 39. Kd1 Ra1+ 40. Kd2 1/2-1/2

[Event "7th UI&UL GM"]
[Site "Dhaka BAN"]
[Date "2005.04.08"]
[Round "4"]
[White "Vinoth,K"]
[Black "Mohammad,J"]
[Result "1-0"]
[WhiteElo "2238"]
[BlackElo "2186"]
[EventDate "2005.04.05"]

1. e4 c5 2. d3 Nc6 3. g3 g6 4. Bg2 Bg7 5. Nh3 d6 6. f4 h5 7. Nf2 Nf6 8. h3
Bd7 9. Nd2 Rb8 10. O-O b5 11. Nf3 e6 12. Be3 Qb6 13. c3 b4 14. d4 O-O 15.
g4 hxg4 16. hxg4 e5 17. dxc5 dxc5 18. f5 Rfd8 19. Qe1 Bc8 20. Kh2 bxc3 21.
bxc3 Ba6 22. Rh1 Bd3 23. Bg5 Qb2 24. Bxf6 Bxf6 25. g5 Bg7 26. f6 Bf8 27.
Ng4 Qe2 28. Qxe2 Bxe2 29. Kg3 Rb2 30. Ne3 Bd3 31. Rag1 Bxe4 32. Rh4 Bxf3
33. Bxf3 e4 34. Nc4 Rd5 35. Nxb2 exf3 36. Rgh1 Rxg5+ 37. Kf2 Bg7 38. fxg7
Rg2+ 39. Kxf3 Rxb2 40. R4h2 Rb7 41. Rh7 Rd7 42. Ke4 c4 43. R1h3 Rd2 44. a4
a5 45. Ke3 Ra2 46. Kf4 Rg2 47. Rh1 f5 48. Kf3 Rg4 49. R7h4 Ne5+ 50. Ke3
Rxh4 51. Rxh4 Kxg7 52. Rd4 Kf6 53. Rd6+ Kg5 54. Rd5 Nd3 55. Rxa5 Kg4 56.
Rb5 f4+ 57. Kd2 Nf2 58. a5 Ne4+ 59. Kc2 Nd6 60. Rb6 Nc8 61. Rxg6+ 1-0

[Event "7th UI&UL GM"]
[Site "Dhaka BAN"]
[Date "2005.04.08"]
[Round "4"]
[White "Nikhilesh,K"]
[Black "Islam,AP"]
[Result "1-0"]
[WhiteElo "2199"]
[BlackElo "2203"]
[EventDate "2005.04.05"]

1. e4 e5 2. Nf3 d6 3. d4 Nf6 4. Nc3 Nbd7 5. Bc4 Be7 6. O-O O-O 7. Re1 c6 8.
a4 a5 9. h3 Qc7 10. Be3 Ne8 11. Ba2 g6 12. Qd2 Ng7 13. Bh6 Nf6 14. Ng5 Nfe8
15. f4 exd4 16. Qxd4 Bf6 17. Qf2 Ra6 18. Bb3 Qb6 19. Qxb6 Rxb6 20. e5 dxe5
21. fxe5 Be7 22. Rf1 Be6 23. Nxe6 fxe6 24. Rxf8+ Bxf8 25. Ne4 Be7 26. Rf1
Nc7 27. Nf6+ Kh8 28. Nd7 Rb4 29. Rf7 Nf5 30. Nf6 1-0

[Event "7th UI&UL GM"]
[Site "Dhaka BAN"]
[Date "2005.04.08"]
[Round "4"]
[White "Hossain,Mon"]
[Black "Ahmed,Mai"]
[Result "1-0"]
[WhiteElo "2170"]
[BlackElo "2222"]
[EventDate "2005.04.05"]

1. d4 Nf6 2. c4 e6 3. Nc3 Bb4 4. Qc2 d5 5. e3 Ne4 6. Nf3 Nd7 7. Bd3 f5 8.
O-O Bxc3 9. bxc3 b6 10. cxd5 exd5 11. c4 Bb7 12. Ba3 c5 13. dxc5 Ndxc5 14.
Bxc5 Nxc5 15. Bxf5 O-O 16. Bxh7+ Kh8 17. Ne5 Rf6 18. f4 dxc4 19. Rad1 Qc7
20. Bg6 Ne6 21. Qe2 Nf8 22. Qh5+ Kg8 23. Bc2 b5 24. Rd4 Rh6 25. Qe2 Rd8 26.
Rfd1 Rhd6 27. Rxd6 Rxd6 28. h3 Qc5 29. Rxd6 Qxd6 30. Kh2 Qd5 31. e4 Qd6 32.
Qh5 Qf6 33. Kg3 Bc8 34. Qe8 g5 35. f5 a6 36. Kh2 Kg7 37. Ng4 Qd6+ 38. e5
Bd7 39. f6+ Kg8 40. Nh6+ Kh8 41. Nf7+ Kg8 42. Nxd6 Bxe8 43. Nxe8 Kf7 44.
Nc7 Ng6 45. e6+ Kxf6 46. Bxg6 b4 47. Bc2 a5 48. g4 Ke7 49. h4 gxh4 50. g5
1-0

[Event "7th UI&UL GM"]
[Site "Dhaka BAN"]
[Date "2005.04.08"]
[Round "4"]
[White "Chowdhury,So"]
[Black "Abdul,Mal"]
[Result "1/2-1/2"]
[WhiteElo "2163"]
[BlackElo "2191"]
[EventDate "2005.04.05"]

1. e4 d6 2. d4 g6 3. Nf3 Bg7 4. Nc3 Nf6 5. h3 O-O 6. Be3 Nbd7 7. Qd2 e5 8.
O-O-O c6 9. dxe5 dxe5 10. Nxe5 Nxe4 11. Nxe4 Bxe5 12. Bd4 Qe7 13. f4 Bxd4
14. Qxd4 c5 15. Qd3 Nf6 16. Nxf6+ Qxf6 17. Qf3 Be6 18. Kb1 c4 19. g4 c3 20.
Qxc3 Qxf4 21. Bd3 Rac8 22. Qa3 b6 23. b3 a5 24. Rdf1 Qg3 25. Rfg1 Qc7 26.
h4 Qc5 27. Qxc5 Rxc5 28. Rh2 Kg7 29. Kb2 Rd8 30. h5 Kf6 31. hxg6 hxg6 32.
Be2 Rd4 33. Bf3 Kg5 34. Rhg2 Re5 35. a4 Rf4 36. Bd1 Ree4 37. Rd2 Bxg4 38.
Rd7 Rd4 39. Bxg4 Rxg4 40. Rxg4+ Rxg4 41. Rxf7 Rf4 42. Rb7 Rf6 43. c3 Kf4
44. b4 axb4 45. cxb4 g5 46. Rg7 g4 47. Kb3 Rf5 48. Kc4 Kf3 49. b5 g3 50. a5
Rf4+ 51. Kd5 bxa5 52. b6 Rb4 53. Kc6 a4 54. Rf7+ Ke2 55. Re7+ Kf1 56. Rf7+
Kg1 57. b7 a3 58. Rf3 1/2-1/2

[Event "7th UI&UL GM"]
[Site "Dhaka BAN"]
[Date "2005.04.08"]
[Round "5"]
[White "Iuldachev,S"]
[Black "Rahman,Zia"]
[Result "1/2-1/2"]
[WhiteElo "2537"]
[BlackElo "2538"]
[EventDate "2005.04.05"]

1. e4 g6 2. f4 Bg7 3. Nf3 d5 4. e5 c5 5. b4 cxb4 6. a3 bxa3 7. Bxa3 Nc6 8.
d4 Bg4 9. c3 Nh6 10. Nbd2 f6 11. Bd3 fxe5 12. fxe5 Nf5 13. h3 Bxf3 14. Nxf3
Ng3 15. Rh2 Qa5 16. Bb2 Qb6 17. Bc1 O-O 18. Rb1 Qa5 19. Bd2 Ne4 20. Rb5 Qa2
21. Qb1 Qxb1+ 22. Bxb1 Nxd2 23. Kxd2 e6 24. Rxb7 Na5 25. Rb5 Nc4+ 26. Kd3
Bh6 27. Ba2 Ne3 28. Ke2 Rab8 29. Rxb8 Rxb8 30. g3 Nf5 31. Kd3 Nxg3 32. c4
Rf8 33. Rf2 Nh5 34. cxd5 Nf4+ 35. Ke4 Nxd5 36. Bxd5 Rf4+ 37. Ke3 exd5 38.
Ra2 Re4+ 39. Kf2 Be3+ 40. Kg2 Bxd4 41. Nxd4 Rxd4 42. Rxa7 Re4 43. Re7 Kf8
44. Rxh7 Rxe5 45. Kf3 Re7 46. Rh8+ Kf7 47. Kf4 Rd7 48. Ke5 Kg7 49. Rh4 g5
50. Rg4 1/2-1/2

[Event "7th UI&UL GM"]
[Site "Dhaka BAN"]
[Date "2005.04.08"]
[Round "5"]
[White "Vijayalakshmi,S"]
[Black "Reefat,S"]
[Result "0-1"]
[WhiteElo "2412"]
[BlackElo "2473"]
[EventDate "2005.04.05"]

1. c4 e5 2. Nc3 Nf6 3. Nf3 Nc6 4. g3 d5 5. cxd5 Nxd5 6. Bg2 Nb6 7. O-O Be7
8. a3 O-O 9. b4 Be6 10. d3 f6 11. Bb2 Qd7 12. Rc1 a5 13. b5 Na7 14. a4 c6
15. bxc6 Nxc6 16. Nb5 Rac8 17. Nd2 Rfd8 18. f4 exf4 19. Rxf4 f5 20. Nd4 Bg5
21. Bxc6 bxc6 22. N2f3 Bxf4 23. gxf4 c5 24. Ne5 Qe8 25. Ndf3 c4 26. Bd4 Nd5
27. dxc4 Nxf4 28. Qd2 Nh3+ 29. Kg2 Qh5 30. c5 Bd5 31. c6 Ng5 32. Qe3 Ne6
33. Ba1 Re8 34. Kf2 Rc7 35. Qd2 Be4 36. Qxa5 Rd8 37. Qc3 Nf4 38. Qb3+ Bd5
39. Qb6 Bxf3 40. Nxf3 Re8 41. Rc2 Rce7 42. Be5 Rxe5 43. Nxe5 Qxh2+ 44. Kf1
Qh1+ 45. Qg1 Qe4 46. Qc5 Qh1+ 47. Qg1 Qh3+ 48. Kf2 Rxe5 49. c7 Rxe2+ 0-1

[Event "7th UI&UL GM"]
[Site "Dhaka BAN"]
[Date "2005.04.08"]
[Round "5"]
[White "Hasan,Me"]
[Black "Safin,S"]
[Result "0-1"]
[WhiteElo "2322"]
[BlackElo "2463"]
[EventDate "2005.04.05"]

1. e4 e5 2. Nf3 Nc6 3. Bb5 Bc5 4. O-O Qf6 5. c3 Nge7 6. d4 exd4 7. Bg5 Qg6
8. Bxe7 Bxe7 9. cxd4 a6 10. Bd3 d6 11. Re1 O-O 12. Nc3 Bg4 13. Nd5 Bd8 14.
e5 Qh6 15. Ne3 Bxf3 16. Qxf3 dxe5 17. Nf5 Qf4 18. dxe5 Qxf3 19. gxf3 g6 20.
Ng3 Nd4 21. Be4 c6 22. Rad1 Ne6 23. Ne2 Ba5 24. Rf1 Rfd8 25. Kg2 Bd2 26.
Kg3 Rd7 27. f4 Rad8 28. Rb1 Ng7 29. Kf3 Kf8 30. b4 Ke7 31. Rb3 Ne6 32. h4
f5 33. exf6+ Kxf6 34. h5 g5 35. f5 Nc7 36. Kg4 Nd5 37. Bxd5 Rxd5 38. f4
gxf4 39. Rbf3 Rxf5 40. Nxf4 Rd4 41. Kg3 Rfxf4 42. Rxf4+ Bxf4+ 43. Rxf4+
Rxf4 44. Kxf4 h6 45. a3 Ke6 46. Ke4 Kf6 47. Kf4 b6 48. a4 Ke6 49. Ke4 b5
50. a5 Kd6 51. Kd4 c5+ 52. bxc5+ Kc6 53. Kc3 Kxc5 54. Kb3 Kd4 55. Kb4 Ke5
0-1

[Event "7th UI&UL GM"]
[Site "Dhaka BAN"]
[Date "2005.04.08"]
[Round "5"]
[White "Abdulla,AlR"]
[Black "Roy Chowdhury,S"]
[Result "1-0"]
[WhiteElo "2462"]
[BlackElo "2397"]
[EventDate "2005.04.05"]

1. d4 d5 2. c4 Bf5 3. cxd5 Bxb1 4. Qa4+ Qd7 5. Qxd7+ Nxd7 6. Rxb1 Ngf6 7.
Nf3 Nb6 8. g3 Nbxd5 9. Bg2 e6 10. O-O Be7 11. Ne5 c6 12. e4 Nb6 13. Be3 O-O
14. Rfc1 Rfd8 15. b4 Rac8 16. h3 Ne8 17. Nd3 Nc7 18. Nc5 Rb8 19. a4 Bf6 20.
Bf4 Nba8 21. Nb3 Rbc8 22. Na5 g5 23. Be3 Bxd4 24. Nxb7 Bxe3 25. Nxd8 Bxc1
26. Nxc6 Kf8 27. Nxa7 Rb8 28. Nc6 1-0

[Event "7th UI&UL GM"]
[Site "Dhaka BAN"]
[Date "2005.04.08"]
[Round "5"]
[White "Satyapragyan,S"]
[Black "Chatterjee,D"]
[Result "1-0"]
[WhiteElo "2401"]
[BlackElo "2246"]
[EventDate "2005.04.05"]

1. e4 c5 2. Nf3 d6 3. d4 cxd4 4. Nxd4 Nf6 5. Nc3 a6 6. Be3 e5 7. Nf3 Qc7 8.
a4 h6 9. a5 Be6 10. Nd5 Nxd5 11. exd5 Bf5 12. c4 Nd7 13. Be2 Be7 14. O-O
O-O 15. Nd2 Bh7 16. Kh1 f5 17. f3 Bg5 18. Bg1 Rae8 19. b4 Bxd2 20. Qxd2 f4
21. Rac1 e4 22. fxe4 Bxe4 23. Bd4 Qd8 24. Bh5 g6 25. Bg4 Ne5 26. Rxf4 Nxg4
27. Rxg4 Kh7 28. Bc3 Bf5 29. Qd4 Rf7 30. Rf1 Rg8 31. h3 h5 32. Rgf4 Qg5 33.
c5 dxc5 34. bxc5 Rd7 35. d6 Rc8 36. Bd2 Qd8 37. Rxf5 gxf5 38. Rxf5 Qe8 39.
Qh4 1-0

[Event "7th UI&UL GM"]
[Site "Dhaka BAN"]
[Date "2005.04.08"]
[Round "5"]
[White "Akshayraj,K"]
[Black "Ramu,K"]
[Result "1/2-1/2"]
[WhiteElo "2388"]
[BlackElo "2291"]
[EventDate "2005.04.05"]

1. d4 Nf6 2. g3 g6 3. Bg2 Bg7 4. e4 d6 5. Ne2 O-O 6. h3 e5 7. Nbc3 c6 8.
O-O b5 9. a3 Bb7 10. Be3 Nbd7 11. Qd2 a6 12. Bh6 Re8 13. Bxg7 Kxg7 14. Rad1
Qb6 15. g4 h6 16. Ng3 exd4 17. Qxd4 Qxd4 18. Rxd4 Nb6 19. Rxd6 Nc4 20. Rd4
Nxb2 21. Rb1 c5 22. Rd6 Nc4 23. Rxf6 Kxf6 24. e5+ Rxe5 25. Bxb7 Ra7 26. f4
Re8 27. Nge4+ Kg7 28. Nxc5 Nxa3 29. Rb3 Nxc2 30. Rb2 Nd4 31. Bxa6 Re3 32.
Nxb5 Nxb5 33. Bxb5 Rxh3 34. Kg2 Raa3 35. Be2 Rhc3 36. Ne4 Re3 37. Nf2 Ra4
38. Nh3 Raa3 39. Nf2 Ra4 40. Nh3 Raa3 41. Ng1 Re4 42. Nh3 Ree3 43. Nf2 Ra4
44. f5 gxf5 45. gxf5 Rf4 46. Bg4 1/2-1/2

[Event "7th UI&UL GM"]
[Site "Dhaka BAN"]
[Date "2005.04.08"]
[Round "5"]
[White "Vinoth,K"]
[Black "Islam,Kh"]
[Result "0-1"]
[WhiteElo "2238"]
[BlackElo "2312"]
[EventDate "2005.04.05"]

1. g3 e5 2. Bg2 Nf6 3. e3 d5 4. Ne2 Nc6 5. d4 Bf5 6. O-O Qd7 7. Re1 Be7 8.
a3 O-O 9. Nd2 Rfe8 10. b4 exd4 11. exd4 Bxb4 12. axb4 Nxb4 13. Nf3 Nxc2 14.
Ne5 Qc8 15. Bb2 Nxa1 16. Qxa1 c6 17. f3 Nd7 18. g4 Be6 19. h3 Nb6 20. f4 f6
21. Nd3 Bf7 22. f5 Nc4 23. Bc1 a5 24. Qa2 b5 25. Rf1 b4 26. Ng3 Qd8 27. Qf2
b3 28. h4 a4 29. g5 a3 30. gxf6 b2 31. Bg5 a2 32. fxg7 b1=Q 33. Bxd8 Qxd3
34. f6 Ne3 35. Be7 a1=Q 0-1

[Event "7th UI&UL GM"]
[Site "Dhaka BAN"]
[Date "2005.04.08"]
[Round "5"]
[White "Nikhilesh,K"]
[Black "Gunasekaran,K"]
[Result "0-1"]
[WhiteElo "2199"]
[BlackElo "2312"]
[EventDate "2005.04.05"]

1. e4 c6 2. d4 d5 3. exd5 cxd5 4. c4 Nf6 5. Nc3 e6 6. Nf3 Bb4 7. Bd3 dxc4
8. Bxc4 O-O 9. O-O b6 10. Bg5 Bb7 11. Qe2 Bxc3 12. bxc3 Nbd7 13. Bd3 Qc7
14. c4 h6 15. Bh4 Qf4 16. Bg3 Qg4 17. h3 Qh5 18. Ne5 Qxe2 19. Bxe2 Nxe5 20.
Bxe5 Rfd8 21. Rfd1 Ne4 22. Bf3 Nd6 23. Bxb7 Nxb7 24. d5 f6 25. Bf4 e5 26.
Be3 Rac8 27. Rac1 Rd7 28. Rd3 Rdc7 29. Ra3 Nc5 30. Bxc5 Rxc5 31. Rxa7 Rxd5
32. Rb7 Rd6 33. g4 Rdc6 34. Kg2 Rxc4 35. Rxc4 Rxc4 36. Rxb6 Ra4 37. Rb2 Kh7
38. f3 h5 39. Rc2 Kh6 40. Kg3 Ra3 41. Re2 h4+ 42. Kg2 Kg5 43. Kf2 g6 44.
Kg2 Ra5 45. Rb2 f5 46. gxf5 gxf5 47. Kf2 Ra4 48. Ke3 Ra3+ 49. Rb3 Rxa2 50.
f4+ exf4+ 51. Kf3 Rh2 52. Rb8 Rxh3+ 53. Kg2 Rg3+ 54. Kf2 f3 55. Rb4 Rg4 56.
Rb8 Ra4 57. Kxf3 Ra3+ 58. Kg2 Kg4 59. Rg8+ Kf4 60. Rd8 Rg3+ 61. Kh2 Kg4 62.
Rg8+ Kf3 63. Rh8 Rg4 64. Rd8 f4 65. Ra8 Rg3 66. Ra2 Ke3 67. Ra3+ Ke4 68.
Ra4+ Kf5 69. Ra8 Rb3 70. Rf8+ Ke4 71. Re8+ Kd4 72. Rd8+ Ke3 73. Re8+ Kf2
74. Re4 f3 75. Rxh4 Ke2 76. Re4+ Re3 77. Rf4 Re8 78. Ra4 f2 79. Ra2+ Kf3
0-1

[Event "7th UI&UL GM"]
[Site "Dhaka BAN"]
[Date "2005.04.08"]
[Round "5"]
[White "Saptarshi,R"]
[Black "Abu Sufian,S"]
[Result "1/2-1/2"]
[WhiteElo "2391"]
[BlackElo "2233"]
[EventDate "2005.04.05"]

1. e4 c5 2. Nf3 d6 3. d4 cxd4 4. Nxd4 Nf6 5. f3 Qb6 6. Nc3 g6 7. Be3 Qxb2
8. Ndb5 Qb4 9. Nc7+ Kd8 10. Bd2 Qc5 11. Nxa8 Bg7 12. Na4 Qc6 13. Ba5+ b6
14. N4xb6 axb6 15. Nxb6 Qc5 16. Nc4+ Ke8 17. Rb1 Nbd7 18. Bb4 Qh5 19. Bd3
d5 20. Nd2 Qh4+ 21. g3 Qh3 22. Qe2 g5 23. Ba6 Ne5 24. Bxc8 Qxc8 25. O-O
dxe4 26. Nxe4 Nxe4 27. Qxe4 h5 28. Ba3 Nc6 29. Rfd1 f5 30. Qc4 h4 31. Rb6
Rh6 32. Qg8+ Bf8 33. Qxg5 Ne5 34. Rb3 hxg3 35. Bxe7 gxh2+ 36. Kh1 Nf7 37.
Qf4 Kxe7 38. Rb8 Qc5 39. Rb7+ Kf6 40. Rc7 Qf2 41. Rc6+ Kg7 42. Rxh6 Nxh6
43. Qd4+ Qxd4 44. Rxd4 Bc5 45. Rd7+ Kf6 46. Kxh2 Ke6 47. Rb7 f4 48. a4 Nf7
49. a5 Ne5 50. a6 Nc6 51. Kg2 Be3 52. c4 Kd6 53. Rg7 Na7 54. Rb7 Nc6 55.
Rb5 Na7 1/2-1/2

[Event "7th UI&UL GM"]
[Site "Dhaka BAN"]
[Date "2005.04.08"]
[Round "5"]
[White "Murshed,N"]
[Black "Pg,MOAHirawan"]
[Result "1-0"]
[WhiteElo "2487"]
[BlackElo "2230"]
[EventDate "2005.04.05"]

1. d4 Nf6 2. Nf3 g6 3. c4 Bg7 4. g3 d5 5. cxd5 Nxd5 6. Bg2 c5 7. dxc5 Qa5+
8. Nfd2 Qxc5 9. Nb3 Qb4+ 10. Bd2 Qd6 11. Na3 Na6 12. Nc4 Qc6 13. O-O Nc5
14. Bc3 Bxc3 15. Bxd5 1-0

[Event "7th UI&UL GM"]
[Site "Dhaka BAN"]
[Date "2005.04.08"]
[Round "5"]
[White "Roktim,B"]
[Black "Ram,S"]
[Result "1/2-1/2"]
[WhiteElo "2389"]
[BlackElo "2255"]
[EventDate "2005.04.05"]

1. Nf3 d5 2. d4 Nf6 3. c4 e6 4. g3 Bb4+ 5. Bd2 Be7 6. Bg2 O-O 7. Qb3 c6 8.
O-O b6 9. Nc3 Ba6 10. cxd5 cxd5 11. Nb5 Nc6 12. a4 Ne4 13. Rfd1 1/2-1/2

[Event "7th UI&UL GM"]
[Site "Dhaka BAN"]
[Date "2005.04.08"]
[Round "5"]
[White "Suresh,KT"]
[Black "Mohota,N"]
[Result "1/2-1/2"]
[WhiteElo "2226"]
[BlackElo "2297"]
[EventDate "2005.04.05"]

1. Nf3 c5 2. g3 Nc6 3. Bg2 g6 4. O-O Bg7 5. d3 e5 6. e4 Nge7 7. c3 d6 8.
Nbd2 O-O 9. a4 Rb8 10. Nc4 h6 11. Be3 Be6 12. Qd2 Kh7 13. b4 cxb4 14. cxb4
b5 15. Na5 Nxa5 16. bxa5 Nc6 17. axb5 Rxb5 18. a6 Qb8 19. d4 d5 20. exd5
Bxd5 21. Nxe5 Nxe5 22. dxe5 Bxg2 23. Kxg2 Rd8 1/2-1/2

[Event "7th UI&UL GM"]
[Site "Dhaka BAN"]
[Date "2005.04.08"]
[Round "5"]
[White "Islam,AP"]
[Black "Singh,Ri"]
[Result "0-1"]
[WhiteElo "2203"]
[BlackElo "2271"]
[EventDate "2005.04.05"]

1. Nf3 f5 2. g3 Nf6 3. Bg2 g6 4. b3 Bg7 5. Bb2 O-O 6. c4 d6 7. d4 c6 8. O-O
Bd7 9. Nbd2 Na6 10. Ne1 Rb8 11. Nd3 b5 12. cxb5 Rxb5 13. Rc1 Nd5 14. e4
fxe4 15. Nxe4 Nac7 16. Qe2 Ne6 17. Rc4 Nb6 18. Rc2 Nxd4 19. Bxd4 Bxd4 20.
Nc3 Rbf5 21. Nd1 Nd5 22. Nb4 Nxb4 23. Qc4+ d5 24. Qxb4 e5 25. Kh1 R5f6 26.
Kg1 Qb6 27. Qe1 Bf5 28. Rd2 Bc8 29. Ne3 Rxf2 30. Rfxf2 Bxe3 31. Rde2 Bxf2+
32. Rxf2 Rxf2 0-1

[Event "7th UI&UL GM"]
[Site "Dhaka BAN"]
[Date "2005.04.08"]
[Round "5"]
[White "Abdul,Mal"]
[Black "Uten"]
[Result "1/2-1/2"]
[WhiteElo "2191"]
[BlackElo "2177"]
[EventDate "2005.04.05"]

1. Nf3 d5 2. d4 e6 3. c4 Nf6 4. e3 c6 5. Bd3 Bd6 6. O-O O-O 7. Nc3 dxc4 8.
Bxc4 b5 9. Bd3 Nbd7 10. e4 Be7 11. Bg5 h6 12. Be3 Nb6 13. Rc1 Bb7 14. Ne2
Rc8 15. Qd2 Nc4 16. Bxc4 bxc4 17. e5 Ne4 18. Qc2 c5 19. Qxc4 Bd5 20. Qa6 g5
21. Rfd1 c4 22. Ne1 c3 23. b3 Qd7 24. f3 c2 25. Rxc2 Rxc2 26. Nxc2 Rc8 27.
fxe4 Bxe4 28. Ne1 Bb4 29. Nd3 Bb7 30. Qa4 Qd5 31. Ndf4 gxf4 32. Nxf4 Qe4
33. Rd3 Rc1+ 34. Kf2 Rc2+ 35. Rd2 Rxd2+ 36. Bxd2 Bxd2 37. Qe8+ Kg7 38. Nh5+
Kg6 39. Qg8+ Kxh5 40. Qxf7+ Kg5 41. Qf6+ Kh5 1/2-1/2

[Event "7th UI&UL GM"]
[Site "Dhaka BAN"]
[Date "2005.04.09"]
[Round "6"]
[White "Reefat,S"]
[Black "Ganguly,S"]
[Result "0-1"]
[WhiteElo "2473"]
[BlackElo "2583"]
[EventDate "2005.04.05"]

1. e4 e5 2. Nf3 Nc6 3. Bc4 Nf6 4. d3 Be7 5. O-O O-O 6. Re1 d6 7. a4 Na5 8.
Ba2 c5 9. Nbd2 h6 10. c3 Nc6 11. h3 Re8 12. Nf1 Bf8 13. N3h2 Be6 14. f4
Bxa2 15. Rxa2 d5 16. fxe5 Nxe5 17. d4 cxd4 18. cxd4 Nc6 19. e5 Ne4 20. Nf3
Bb4 21. Re2 Ba5 22. Ne3 Bb6 23. Ra3 Rc8 24. Rd3 Nb4 25. Ra3 Nc6 26. Rd3 Qd7
27. Bd2 Rc7 28. Be1 Ba5 29. Qb3 Rd8 30. Bh4 g5 31. Be1 Bxe1 32. Rxe1 Qe6
33. Nxd5 Rxd5 34. Rxe4 f5 35. Re1 Kf7 36. Rf1 Rcd7 37. Qc3 a5 38. Rd2 Kg7
39. Rfd1 Qe7 40. Qc2 Qe6 41. Qc3 Qe7 42. Ne1 Qd8 43. Nc2 f4 44. Re1 Qe7 45.
Na3 Qb4 46. e6 Re7 47. Nc4 Kf6 48. Re4 Rxe6 49. Rxe6+ Kxe6 50. Qd3 Rxd4 51.
Qg6+ Kd5 52. Rxd4+ Kxd4 53. Nd6 Qe1+ 54. Kh2 Qg3+ 55. Kh1 Qe1+ 56. Kh2 Qe5
57. Nf7 Qe2 58. Qf6+ Kd3 59. Qc3+ Ke4 60. Nxh6 Ne5 61. Ng4 Nxg4+ 62. hxg4
f3 0-1

[Event "7th UI&UL GM"]
[Site "Dhaka BAN"]
[Date "2005.04.09"]
[Round "6"]
[White "Hossain,Enam"]
[Black "Iuldachev,S"]
[Result "1/2-1/2"]
[WhiteElo "2453"]
[BlackElo "2537"]
[EventDate "2005.04.05"]

1. e4 e5 2. Nf3 Nc6 3. Bb5 g6 4. d4 exd4 5. Bg5 Be7 6. Bxe7 Qxe7 7. Bxc6
dxc6 8. Qxd4 Nf6 9. Nc3 Bg4 10. Nd2 c5 11. Qe3 O-O-O 12. h3 Be6 13. O-O-O
Rhe8 14. Rhe1 Nd7 15. f4 f6 16. Qf2 b6 17. Qf3 Kb8 18. Qf1 Qd6 19. e5 fxe5
20. Nf3 Qf8 21. Nxe5 Nxe5 22. Rxd8+ Rxd8 23. Rxe5 Bd7 24. Nd5 Bc6 25. c4
Bxd5 26. cxd5 Re8 27. Qc4 Rxe5 28. fxe5 Qf5 29. Qe2 Kc8 30. Qg4 1/2-1/2

[Event "7th UI&UL GM"]
[Site "Dhaka BAN"]
[Date "2005.04.09"]
[Round "6"]
[White "Safin,S"]
[Black "Satyapragyan,S"]
[Result "0-1"]
[WhiteElo "2463"]
[BlackElo "2401"]
[EventDate "2005.04.05"]

1. d4 Nf6 2. c4 e6 3. Nc3 Bb4 4. Qc2 c5 5. dxc5 Bxc5 6. Nf3 Qb6 7. e3 Qc7
8. b3 a6 9. Bb2 b6 10. g4 Bb7 11. Be2 h6 12. Rg1 Nc6 13. h4 h5 14. g5 Ng4
15. a3 Be7 16. Ne4 Rg8 17. Ng3 g6 18. Nd2 O-O-O 19. Ngf1 d5 20. cxd5 Rxd5
21. Rc1 Kb8 22. Bxg4 hxg4 23. Rxg4 b5 24. Ne4 Rgd8 25. Rf4 e5 26. Rg4 Qd7
27. f3 Rc8 28. Qh2 Rd3 29. Ned2 Ka7 30. h5 gxh5 31. Qxh5 Rd8 32. Rg2 Qf5
33. Qg4 Qh7 34. f4 R8d7 0-1

[Event "7th UI&UL GM"]
[Site "Dhaka BAN"]
[Date "2005.04.09"]
[Round "6"]
[White "Syed Anwar,S"]
[Black "Abdulla,AlR"]
[Result "1-0"]
[WhiteElo "2305"]
[BlackElo "2462"]
[EventDate "2005.04.05"]

1. d4 d5 2. Nf3 Nf6 3. Bg5 Nbd7 4. e3 e6 5. Bd3 Be7 6. O-O O-O 7. Nbd2 b6
8. c3 Bb7 9. Qb1 c5 10. b4 cxb4 11. cxb4 h6 12. Bf4 Nh5 13. Be5 f6 14. Bg3
Nxg3 15. hxg3 f5 16. a4 Bd6 17. a5 bxa5 18. bxa5 Rb8 19. Qa2 g5 20. Rfb1 g4
21. Ne1 h5 22. a6 Ba8 23. Rxb8 Bxb8 24. Bb5 Nb6 25. Nd3 h4 26. Nf1 Nc4 27.
Nf4 Bxf4 28. exf4 hxg3 29. Nxg3 Qb8 30. Bxc4 dxc4 31. Qxc4 Bd5 32. Qc1 Rc8
33. Qd2 Qa8 34. Qe3 Rc6 35. Qe5 Qe8 36. Nxf5 1-0

[Event "7th UI&UL GM"]
[Site "Dhaka BAN"]
[Date "2005.04.09"]
[Round "6"]
[White "Gunasekaran,K"]
[Black "Sriram,J"]
[Result "1/2-1/2"]
[WhiteElo "2312"]
[BlackElo "2445"]
[EventDate "2005.04.05"]

1. d4 e6 2. c4 b6 3. e4 Bb7 4. Nc3 Bb4 5. Bd3 f5 6. Qh5+ g6 7. Qe2 Nf6 8.
Bg5 fxe4 9. Bxe4 Bxe4 10. Bxf6 Qxf6 11. Qxe4 Nc6 12. Nf3 Bxc3+ 13. bxc3 O-O
14. O-O Qf5 15. Qe2 Rae8 16. Rfe1 d6 17. h3 e5 18. d5 Na5 19. a4 Nb3 20.
Ra2 Nc5 21. Nd2 Nd3 22. Rf1 Nf4 23. Qe4 Qg5 24. Kh2 a5 25. g3 Nh5 26. Qe2
Qf5 27. Ne4 Nf6 28. Re1 Nd7 29. Kg2 Re7 30. Rf1 Ref7 31. f3 Nf6 32. Raa1
Nxe4 33. fxe4 Qg5 34. Rxf7 Rxf7 35. h4 Qh6 36. Rd1 Kf8 37. Rf1 Rxf1 38.
Qxf1+ Ke7 39. Qe2 Qc1 40. c5 bxc5 41. Qc4 Qb2+ 42. Kg1 Kf6 43. Qf1+ Kg7 44.
Qe1 Qc2 45. Qe3 Qxa4 46. Qg5 Qe8 47. Kf2 a4 48. Qc1 h6 49. Qb2 Qa8 50. Qb5
Qf8+ 51. Ke3 a3 52. Qa6 Qb8 53. Qxa3 Qb1 54. Qa5 Qe1+ 55. Kf3 Qf1+ 56. Ke3
Qf7 57. Qb5 g5 58. hxg5 hxg5 59. Qe2 Qe7 60. Qh5 Qf6 61. Qh3 Qf7 62. c4 Kg6
63. Ke2 Kg7 64. Ke3 Kg6 65. Ke2 Qf6 66. Qd7 Qf7 67. Qxf7+ Kxf7 68. Kd3 Ke7
69. Kc3 Kd7 70. Kb3 c6 71. dxc6+ Kxc6 72. Ka4 Kb6 73. g4 Ka6 74. Kb3 Ka5
1/2-1/2

[Event "7th UI&UL GM"]
[Site "Dhaka BAN"]
[Date "2005.04.09"]
[Round "6"]
[White "Rahman,SM"]
[Black "Vijayalakshmi,S"]
[Result "0-1"]
[WhiteElo "2247"]
[BlackElo "2412"]
[EventDate "2005.04.05"]

1. e4 e5 2. Nf3 Nc6 3. Bb5 a6 4. Ba4 Nf6 5. O-O Be7 6. Re1 b5 7. Bb3 d6 8.
c3 O-O 9. h3 Nb8 10. d4 Nbd7 11. Nbd2 Bb7 12. Bc2 Re8 13. Nf1 Bf8 14. Ng3
g6 15. a4 c6 16. Bb3 c5 17. d5 c4 18. Bc2 Nc5 19. Bg5 h6 20. Be3 Qc7 21.
Qd2 Kh7 22. axb5 axb5 23. Rxa8 Rxa8 24. Nh2 Ra2 25. Bb1 Ra1 26. Bc2 Rxe1+
27. Qxe1 Qa5 28. Bxc5 dxc5 29. h4 Bc8 30. h5 g5 31. f3 b4 32. Nhf1 Qa2 33.
Qc1 Nd7 34. Ne3 Nb6 35. Bd1 Be7 36. Ngf5 Bd8 37. g4 Bxf5 38. exf5 Bf6 39.
Bc2 e4 40. fxe4 Be5 41. f6 Kg8 42. Kf2 Nd7 43. d6 Bf4 44. e5 Nxe5 45. d7
Nxd7 46. Qd2 Bxe3+ 47. Kxe3 Nxf6 48. cxb4 cxb4 49. Qd4 Qa6 50. Bf5 Qc6 51.
Qd8+ Kg7 52. Qd4 c3 53. bxc3 bxc3 54. Bc2 Qg2 55. Bf5 Qg1+ 56. Kd3 Qxd4+
57. Kxd4 Nxg4 0-1

[Event "7th UI&UL GM"]
[Site "Dhaka BAN"]
[Date "2005.04.09"]
[Round "6"]
[White "Prathamesh,S"]
[Black "Lahiri,A"]
[Result "1-0"]
[WhiteElo "2368"]
[BlackElo "2355"]
[EventDate "2005.04.05"]

1. c4 g6 2. g3 Bg7 3. Bg2 d6 4. Nc3 e5 5. e3 f5 6. Nge2 Nf6 7. O-O O-O 8.
d3 c6 9. f4 a5 10. Rb1 Na6 11. b3 Be6 12. h3 Qc7 13. Kh2 Rad8 14. Bb2 Rfe8
15. a3 Bf7 16. e4 fxe4 17. dxe4 Nc5 18. Qc2 Qe7 19. Rbe1 exf4 20. gxf4
Ncxe4 21. Nxe4 Nxe4 22. Bxg7 Kxg7 23. Bxe4 Qxe4 24. Qc3+ 1-0